E+M. Ekonomie a management vědecký ekonomický časopis

Gespeichert in:
Bibliographische Detailangaben
Format: Schriftenreihe
Sprache:Englisch
Veröffentlicht: Liberec Ekonomická fakulta Technické univerzity v Liberci 2020
Tags: Tag hinzufügen
Keine Tags, Fügen Sie das erste Tag hinzu!

MARC

LEADER 00000nas2a2200000 4500
001 0264310
005 20200618110906.9
022 |a 1212-3609 
041 0 |a eng 
044 |a CZ 
245 1 0 |a E+M. Ekonomie a management  |b vědecký ekonomický časopis 
264 1 |a Liberec  |b Ekonomická fakulta Technické univerzity v Liberci  |c 2020 
773 0 |w eu_un_cat*s124393